Causas de la revolución de Francia en el año de 1789, y medios de que se han valido para efectuarla los enemigos de la religion y del estado ... / por el abate D. Lorenzo Hervás y Panduro
Descripción Física:
539 p. ; 21 cm
MARC
| LEADER | 00000nam a2200000Ia 4500 | ||
|---|---|---|---|
| 001 | 16104 | ||
| 008 | 160829s1807 xx 000 0 cat d | ||
| 080 | |a H-2-263 | ||
| 100 | |a Hervás y Panduro, Lorenzo |9 37240 | ||
| 245 | |a Causas de la revolución de Francia en el año de 1789, y medios de que se han valido para efectuarla los enemigos de la religion y del estado ... / por el abate D. Lorenzo Hervás y Panduro | ||
| 260 | |a Madrid : |b [s.n], |c 1807 | ||
| 300 | |a 539 p. ; |c 21 cm | ||
| 650 | |a França |x Història |x 1789/1799, Revolució |x Causes |9 37241 | ||
| 650 | |a Maçoneria |x França |x S. XVIII |9 37242 | ||
| 866 | |a Tomo 2 | ||
| 901 | |a Arxiu | ||
| 942 | |n 1 | ||
| 952 | |0 0 |1 0 |4 0 |6 H2263 |7 1 |9 47760 |a Arxiu |b Arxiu |d 2016-12-01 |l 0 |o H-2-263 |p 16104 |r 2016-12-01 00:00:00 |w 2016-12-01 |y ARXIU | ||
| 999 | |c 51559 |d 51559 | ||